000 00861nam a2200229 i 4500
001 106602
003 ES-MaACL
005 20230906184220.0
007 t|
008 061205s1969 fr ||||1| fre d
080 _a821.112.5-2"17"
100 1 _aVondel, Joost van den.
_9115732
245 1 0 _aCinq tragédies /
_cJoost van den Vondel ; notice biographique et notes, traduction vers par vers dans les rythmes originaux par Jean Stals.
260 _aParis :
_bDidier,
_c1969.
300 _a464 p. :
_b1 retr. autor ;
_c24 cm.
490 1 _aCollection Unesco d'oeuvres représentatives. Série européenne
500 _aBiblioteca Jacinto Martínez Lacalle.
700 1 _aStals, Jean.
_9107868
830 0 _aCollection Unesco d'oeuvres représentatives. Série européenne
_9232848
852 _aES-MaACL
_jE-11423
_bR.138943
999 _c106602
_d106602